000 00319nam a22001457a 4500
008 210609b ||||| |||| 00| 0 eng d
020 _a9780072943146
041 _aeng
080 _24th
_a159.9
082 _a159.9
100 _a48
101 _aPSI
245 _aAbnormal Psychology
_cHalgin,R.P
942 _2udc
_cBK
999 _c58079
_d58079